00700nam a2200241 a 4500001001300000003000900013005001700022008004100039020000900080082001600089100001900105245004000124260003500164300000800199500003500207505002400242650002600266700001900292902000800311942000700319952011500326999001700441nice12345678IN_TiNIC20260116013702.0050524s1988 newa grp 000 0 urd  ac1200a954.01bASH aAshraf, Mujeeb aQadeem Hindustan Ki Secular Riwayat aNew DelhibMaktaba Jamiac1988 a88p aincludes index and biblioraphy2 abibliography, index aCulture-Ancient-India1 aAshraf, Mujeeb bSRS cBK 001040708StackRoom-aHMIbHMId2007-04-03g12.00l0o954.01 ASHp017229r2007-04-03v12.00w2005-05-24yBK c11956d11956